UNIVERSITY PHYSICS:SEARS AND ZEMANSKY'S VOLUME 1 (Record no. 189660)

MARC details
000 -LEADER
fixed length control field 00576nam a2200205Ia 4500
003 - CONTROL NUMBER IDENTIFIER
control field OSt
005 - DATE AND TIME OF LATEST TRANSACTION
control field 20250811151135.0
020 ## - INTERNATIONAL STANDARD BOOK NUMBER
International Standard Book Number 978-0-321-50121-9
040 ## - CATALOGING SOURCE
Transcribing agency LC
050 ## - LIBRARY OF CONGRESS CALL NUMBER
Classification number QC 21.3 .Y 68 2001
Item number 1
100 ## - MAIN ENTRY--PERSONAL NAME
Personal name YOUNG, HUGH D
245 #0 - TITLE STATEMENT
Title UNIVERSITY PHYSICS:SEARS AND ZEMANSKY'S VOLUME 1
250 ## - EDITION STATEMENT
Edition statement 12
260 ## - PUBLICATION, DISTRIBUTION, ETC.
Place of publication, distribution, etc. San Francisco,
Name of publisher, distributor, etc. Pearson Addison Wesley,
Date of publication, distribution, etc. 2001,
300 ## - PHYSICAL DESCRIPTION
Extent XiX, 708 P, ILL
500 ## - GENERAL NOTE
General note INCLUDES BIBLIOGRAPHICAL REFERENCES AND INDEX
650 ## - SUBJECT ADDED ENTRY--TOPICAL TERM
Topical term or geographic name entry element Physics--Textbooks
700 ## - ADDED ENTRY--PERSONAL NAME
Personal name FREEDMAN ROGER A, FORD A LEWIS
942 ## - ADDED ENTRY ELEMENTS (KOHA)
Koha item type Long Loan Book
Source of classification or shelving scheme Library of Congress Classification
Suppress in OPAC No
Holdings
Withdrawn status Lost status Source of classification or shelving scheme Damaged status Not for loan Collection Home library Current library Shelving location Date acquired Inventory number Total checkouts Full call number Barcode Date last seen Copy number Price effective from Koha item type Date last checked out
    Library of Congress Classification     Science & Technology Kisii University Library Kisii University Library On Display 09/15/2023 56763   QC 21.3 . Y 68 2001 000000021391 09/15/2023 1 09/15/2023 Long Loan Book  
    Library of Congress Classification     Science & Technology Kisii University Library Kisii University Library   10/02/2025 52546 1 QC 21.3 Y68 2008 012860 10/07/2025 C.1 10/02/2025 Long Loan Book 10/02/2025